000
00338nam a22001457a 4500
008
210521b ||||| |||| 00| 0 eng d
020
_a
9780323019903
041
_a
eng
080
_a
610.73
082
_a
610.73
100
_a
1
101
_a
INF
245
_a
Gerontologic Palliative Care Nursing
_c
Marianne L. Matzo
942
_2
udc
_c
BK
999
_c
57602
_d
57602